| 000 | 00461nam a22001697a 4500 | ||
|---|---|---|---|
| 003 | NUST - PNEC | ||
| 005 | 20170116180958.0 | ||
| 008 | 150912b xxu||||| |||| 00| 0 eng d | ||
| 020 | _a- | ||
| 040 | _cLIBRARY | ||
| 082 | _a621.38195 ROD | ||
| 100 |
_99366 _aRodwell, Peter |
||
| 245 |
_aChoose your own computer: aguide to buying the best micro for your money _cPeter Rodwell |
||
| 260 | _cc.1984 | ||
| 650 |
_99370 _aComputer guide _xMIS |
||
| 942 |
_2ddc _cBK |
||
| 999 |
_c66607 _d66607 |
||